| 000 | 05257cgm a2200925Ka 4500 | ||
|---|---|---|---|
| 003 | OCoLC | ||
| 005 | 20241220121754.0 | ||
| 007 | vd cvaizq | ||
| 008 | 080205s2008 cau123 e vleng d | ||
| 001 | ocn191825449 | ||
| 035 | _a(Sirsi) a113534 | ||
| 040 |
_aTEFMT _cTEFMT _dTEF _dBTCTA _dUINTA |
||
| 024 | 1 | _a025193328625 | |
| 028 | 4 | 2 |
_a61033286 _bUniversal Studios Home Entertainment |
| 035 | _a(OCoLC)191825449 | ||
| 037 |
_bMidwest Tape _nhttp://www.midwesttapes.com |
||
| 041 | 1 |
_aeng _afre _aspa _beng _bfre _bspa _heng |
|
| 043 | _ae-uk-en | ||
| 050 | 1 | 4 |
_aPN1995.9.M45 _bA86646468 2008 |
| 082 | 0 | 4 |
_a791.43/72 _222 |
| 049 | _aUCLB | ||
| 092 | _a791.437 | ||
| 130 | 0 |
_aAtonement (Motion picture : 2007) _974769 |
|
| 245 | 1 | 0 |
_aAtonement _h[DVD] / _cWorking Title Films ; Relativity Media ; Studio Canal ; produced by Tim Bevan, Eric Fellner, Paul Webster ; screenplay by Christopher Hampton ; directed by Joe Wright. |
| 250 | _a[Full screen ed.] | ||
| 260 |
_aUniversal City, Calif. : _bUniversal Studios Home Entertainment, _c[2008] |
||
| 300 |
_a1 videodisc (123 min.) : _bsd., col. ; _c4 3/4 in. |
||
| 538 | _aDVD, region 1, full screen (1.33:1) presentation; Dolby Digital 5.1 surround. | ||
| 546 | _aEnglish, dubbed French or dubbed Spanish dialogue, French or Spanish subtitles; English subtitles for the deaf and hard of hearing. | ||
| 500 | _aTitle from container. | ||
| 511 | 1 | _aSaoirse Ronan, Brenda Blethyn, Julia West, James McAvoy, Harriet Walter, Keira Knightley, Romola Garai. | |
| 508 | _aDirector of photography, Seamus McGarvey ; editor, Paul Tothill ; music, Dario Marianelli ; costume designer, Jacqueline Durran ; production designer, Sarah Greenwood. | ||
| 500 | _aBased on the novel by Ian McEwan. | ||
| 500 | _aOriginally released as a motion picture in 2007. | ||
| 521 | 8 | _aMPAA rating: R; for disturbing war images, language and some sexuality. | |
| 520 | _aIn 1935, 13-year-old fledgling writer Briony Tallis and her family live a life of wealth and privilege in their enormous mansion. On the warmest day of the year, the country estate takes on an unsettling hothouse atmosphere, stoking Briony's vivid imagination. Robbie Turner, the educated son of the family's housekeeper, carries a torch for Briony's headstrong older sister Cecilia. He hopes that Cecilia has comparable feelings. All it will take is one spark for this relationship to combust. When it does, Briony - who has a crush on Robbie - is compelled to interfere. She goes so far as to accuse Robbie of a crime he did not commit. Cecilia and Robbie declare their love for each other, but, ultimately, he is arrested. Briony bears false witness and the course of three lives is changed forever. As Briony grow older, she continues to seek forgiveness for her childhood misdeed. Through a terrible and courageous act of imagination, she finds the path to her uncertain atonement, and to an understanding of the power of enduring love. | ||
| 500 | _aSpecial features: Deleted scenes with commentary from director Joe Wright; bringing the past to life: the making of Atonement; from novel to screen: adapting a classic; feature commentary with director Joe Wright. | ||
| 586 | 8 | _aGolden Globes, USA, 2008: Golden Globe - Best Motion Picture - Drama ; Best Original Score - Motion Picture (Dario Marianelli) | |
| 650 | 0 |
_aAtonement _vDrama. _96437267 |
|
| 650 | 0 |
_aSisters _zEngland _vDrama. _95705468 |
|
| 650 | 0 |
_aFalse testimony _zEngland _vDrama. _96508588 |
|
| 650 | 0 |
_aMan-woman relationships _zEngland _vDrama. _95747332 |
|
| 651 | 0 |
_aEngland _vDrama. _95700793 |
|
| 650 | 7 |
_aHermanas _zInglaterra _vTeatro. _2bidex _96498622 |
|
| 650 | 7 |
_aEncarcelamiento ilegal _zInglaterra _vTeatro. _2bidex _96508589 |
|
| 650 | 7 |
_aAtonement _vDrama. _2sears _96437267 |
|
| 650 | 7 |
_aSisters _zEngland _vDrama. _2sears _95705468 |
|
| 650 | 7 |
_aFalse testimony _zEngland _vDrama. _2sears _96508588 |
|
| 650 | 7 |
_aMan-woman relationship _zEngland _vDrama. _2sears _96439822 |
|
| 651 | 7 |
_aEngland _vDrama. _2sears _95700793 |
|
| 655 | 0 |
_aFeature films. _96181590 |
|
| 655 | 0 |
_aMelodrama. _96181591 |
|
| 655 | 0 |
_aWar films. _9102638 |
|
| 655 | 0 |
_aVideo recordings for the hearing impaired. _96181592 |
|
| 655 | 0 |
_aMelodrama _vFeature. _95675363 |
|
| 655 | 7 |
_aWar _vFeature. _2local _95779418 |
|
| 655 | 7 |
_aRomance _vFeature. _2local _95714821 |
|
| 700 | 1 |
_aBevan, Tim. _964395 |
|
| 700 | 1 |
_aFellner, Eric. _958404 |
|
| 700 | 1 |
_aWebster, Paul. _925413 |
|
| 700 | 1 |
_aHampton, Christopher, _d1946- _92233 |
|
| 700 | 1 |
_aWright, Joe, _d1972- _978201 |
|
| 700 | 1 |
_aRonan, Saoirse. _95741687 |
|
| 700 | 1 |
_aBlethyn, Brenda, _d1946- _963543 |
|
| 700 | 1 |
_aWest, Julia. _96181593 |
|
| 700 | 1 |
_aMcAvoy, James, _d1979- _972855 |
|
| 700 | 1 |
_aWalter, Harriet. _960877 |
|
| 700 | 1 |
_aKnightley, Keira, _d1985- _969837 |
|
| 700 | 1 |
_aGarai, Romola, _d1982- _969647 |
|
| 700 | 1 |
_aMarianelli, Dario. _957589 |
|
| 700 | 1 |
_aMcEwan, Ian. _tAtonement. _96181594 |
|
| 710 | 2 |
_aWorking Title Films. _963530 |
|
| 710 | 2 |
_aRelativity Media. _973590 |
|
| 710 | 2 |
_aStudio Canal. _96181595 |
|
| 710 | 2 |
_aUniversal Studios Home Entertainment (Firm) _972642 |
|
| 938 |
_aBaker and Taylor _bBTCP _nBEDDMC 61033286 |
||
| 942 |
_cDVD _0265 |
||
| 994 |
_aC0 _bUINTA |
||
| 998 | _aa113534 | ||
| 999 |
_c52940 _d52940 |
||